000 01256cam a2200325 i 4500
001 26308
003 Mx-PuUPA
005 20250716081924.0
008 140415s1974 ck a gr 000 0 spa d
040 _cMx-PuUPA
_aMx-PuUPA
_bspa
_dMx-PuUPA
_erda
041 1 _aspa
_hger
100 1 _aDäniken, Erich von,
_d1935-
_917306
_eautor
240 1 2 _aA ussaat und kosmos.
_lEspañol
245 1 3 _aEl oro de los dioses /
_cErich von Däniken ; traducción, Eduardo Videla
264 1 _aBogotá, Colombia :
_bEdiciones Martínez Roca,
_c©1974
300 _a224 páginas, 4 páginas (sin numerar) :
_bilustraciones (algunas a color) ;
_c21 cm
336 _2rdacontent
_atexto
_btxt
337 _2rdamedia
_asin medio
_bn
338 _2rdacarrier
_avolumen
_bnc
650 7 _913986
_2armarc
_aViajes interplanetarios
650 7 _2armarc
_aCivilización antigua
_xInfluencias extraterrestres
650 7 _2armarc
_aHistoria antigua
650 7 _2armarc
_aPueblos prehistóricos
700 1 _aVidela, Eduardo,
_etraductor
765 0 _aDäniken, Erich von, 1935-
_tA ussaat und kosmos.
942 _2ddc
_cLI
_h919.904
_iD62
999 _c26308
_d26308